Housing finance for low income groups (Record no. 76351)

MARC details
000 -LEADER
fixed length control field 00938nam a2200193 a 4500
008 - FIXED-LENGTH DATA ELEMENTS--GENERAL INFORMATION
fixed length control field 120416s1977 ||||||||||||||||| || u
050 ## - LIBRARY OF CONGRESS CALL NUMBER
Classification number HD 7287.5 Jor
100 ## - MAIN ENTRY--PERSONAL NAME
Personal name Jorgensen, N.O
245 10 - TITLE STATEMENT
Title Housing finance for low income groups
246 ## -
-- with special reference to developing countries
260 ## - PUBLICATION, DISTRIBUTION, ETC.
Place of publication, distribution, etc. Nairobi
Name of publisher, distributor, etc. University
Date of publication, distribution, etc. 1977
300 ## - PHYSICAL DESCRIPTION
Extent 240 pages : illustrations
350 ## -
-- 0.00
650 ## - SUBJECT ADDED ENTRY--TOPICAL TERM
Topical term or geographic name entry element HOUSING--DEVELOPING COUNTRIES--CONGRESSES
650 ## - SUBJECT ADDED ENTRY--TOPICAL TERM
Topical term or geographic name entry element HOUSING
995 ## -
-- BINDERY (DAMAGED)
-- 0.00
-- 705714
-- CBU-MAIN LIBRARY (Kitwe)
-- 3
-- 0.00
-- HD 7287.5 Jor
-- 3
-- DAMAGED
-- 705714
-- Main Library Open Access Collection
995 ## -
-- BINDERY (DAMAGED)
-- 0.00
-- 703734
-- CBU-MAIN LIBRARY (Kitwe)
-- 2
-- 0.00
-- HD 7287.5 Jor
-- 2
-- DAMAGED
-- 703734
-- Main Library Open Access Collection
995 ## -
-- BINDERY (DAMAGED)
-- 0.00
-- 711236
-- CBU-MAIN LIBRARY (Kitwe)
-- 1
-- 0.00
-- HD 7287.5 Jor
-- 1
-- DAMAGED
-- 711236
-- Main Library Open Access Collection
999 ## -
-- 76351
-- 76351
Holdings
Withdrawn status Lost status Source of classification or shelving scheme Damaged status Not for loan Permanent Location Current Location Shelving location Date acquired Total Checkouts Full call number Barcode Date last seen Copy number Price effective from Koha item type
          CBU-MAIN LIBRARY, KITWE. CBU-MAIN LIBRARY, KITWE.   04/25/2023   HD 7287.5 Jor 705714 04/25/2023 1 04/25/2023 MONOGRAPH
          CBU-MAIN LIBRARY, KITWE. CBU-MAIN LIBRARY, KITWE.   04/25/2023   HD 7287.5 Jor 703734 04/25/2023 2 04/25/2023 MONOGRAPH
          CBU-MAIN LIBRARY, KITWE. CBU-MAIN LIBRARY, KITWE.   04/25/2023   HD 7287.5 Jor 711236 04/25/2023 3 04/25/2023 MONOGRAPH